000 00678nam a2200289Ia 4500
005 20260324145007.0
008 008 260324s9999 xx 000 0 eng d
020 _a9781315750330
037 _aEBOOK
040 _aCRL
040 _beng
040 _cCRL
041 _2eng
041 _aeng
084 _qCRL
100 _aR. J. Johnston
_91219954
245 4 _aThe Geography of English Politics
245 4 _bThe 1983 General Election
260 _bTaylor and Francis
260 _c1985
365 _a
365 _b265
856 _uhttp://www.taylorfrancis.com/books/9781315750330
942 _cEBOOK
999 _c1828673
_d1828673